Akreditív z pohľadu kupujúceho
Dokumentárny akreditív, platobný nástroj, ktorý sa používa pri obchodnom styku s rozvojovými a vzdialenými krajinami. Zníženie rizika predávajúceho aj kupujúceho. Základom je správne vyplnenie žiadosti o vystavenie dokumentárneho akreditívu v banke.
Gespeichert in:
| 1. Verfasser: | |
|---|---|
| Format: | Buchkapitel |
| Sprache: | Slowakisch |
| Schlagworte: | |
| Tags: |
Keine Tags, Fügen Sie das erste Tag hinzu!
|
MARC
| LEADER | 00000naa a2200000 4500 | ||
|---|---|---|---|
| 001 | r044521 | ||
| 005 | 20231004072544.9 | ||
| 041 | 0 | |a slo | |
| 044 | |a CZ | ||
| 245 | 1 | 0 | |a Akreditív z pohľadu kupujúceho |c Renáta Vokorokosová |
| 520 | |a Dokumentárny akreditív, platobný nástroj, ktorý sa používa pri obchodnom styku s rozvojovými a vzdialenými krajinami. Zníženie rizika predávajúceho aj kupujúceho. Základom je správne vyplnenie žiadosti o vystavenie dokumentárneho akreditívu v banke. | ||
| 610 | 2 | 0 | |a akreditív dokumentárny |
| 610 | 2 | 0 | |a styk platobný medzinárodný |
| 610 | 2 | 0 | |a banky |
| 100 | 1 | |a Vokorokosová, Renáta, 1967- | |